000 00671nam a22002057a 4500
005 20251108173325.0
008 250721s1993 xx 000 0 ara d
020 _a9770135623
082 1 4 _aط/ 211.88/يوس
100 1 _aيوسف، عبد التواب
245 1 0 _aالقرآن كتاب لكل إنسان /
264 1 _aالقاهرة :
_bالهيئة المصرية العامة،
_c1993.
490 0 _aالمكتبة االقرآنية للأطفال
650 1 7 _aفضائل القرآن
650 1 7 _aالأخلاق
653 _aناشئون كبار (15-18 سنة)
700 1 _aعويس، فريدة
_eCart.
942 _2ddc
_cBK
999 _c101274
_d101274